000 01245nam a2200217Ia 4500
003 Ost
005 20260507075109.0
008 260507s9999||||xx |||||||||||||| ||und||
040 _cfsecg
041 _aara
082 _a330
100 _aعطية، السيد عبد الحميد
_eمؤلف
245 0 _aالتحليل الاحصائي وتطبيقاته في دراسات الخدمة الاجتماعية /
_c السيد عبد الحميد عطية
260 _aالاسكندرية:
_bالمكتب الجامعي الحديث,
_c2001
300 _a410 صفحة؛
_c24 سم
520 _aفي هذا الكتاب العينات 2- اختبارات معنوية الإرتباط والانحدار 3- الاحتمالات 4- منحنى التوزيع المعتدل 5- المنحنى الاعتدالي المعياري 6-الاستدلال الإحصائي اختبار القروض 7تحليل التباين 8- الاختبارات الاحصائية اللامعملية أو الاحصاء اللمرمتري تطبيقات الإحصاء في بحوث الخدمة الإجتماعية .
653 _aاحصاء
653 _aالخدمات الإجتماعية
653 _aتحليل احصائي
942 _cكتاب
999 _c42852
_d42852